Dished ends and stayed surfaces (Record no. 3487)

000 -LEADER
fixed length control field 00423nam a22001457a 4500
008 - FIXED-LENGTH DATA ELEMENTS--GENERAL INFORMATION
fixed length control field 200616b ||||| |||| 00| 0 eng d
082 00 - DEWEY DECIMAL CLASSIFICATION NUMBER
Classification number 620.17
Item number P8767
100 ## - MAIN ENTRY--PERSONAL NAME
9 (RLIN) 803
Personal name Pounder, C. C.
245 10 - TITLE STATEMENT
Title Dished ends and stayed surfaces
260 ## - PUBLICATION, DISTRIBUTION, ETC. (IMPRINT)
Place of publication, distribution, etc London
Name of publisher, distributor, etc Association of engineering and shipbuilding draughtsmen
Date of publication, distribution, etc 1950
300 ## - PHYSICAL DESCRIPTION
Extent 83p.
365 ## - TRADE PRICE
Unit of pricing 1.87
650 #0 - SUBJECT ADDED ENTRY--TOPICAL TERM
Topical term or geographic name as entry element Strength of Materials
942 ## - ADDED ENTRY ELEMENTS (KOHA)
Item type Books
Holdings
Withdrawn status Lost status Source of classification or shelving scheme Damaged status Not for loan Permanent location Current location Date acquired Source of acquisition Full call number Barcode Date last seen Koha item type
          IMU Kolkata IMU Kolkata 1958-03-27 Bailey books and suppliers 620.17 P8767 02426 2020-06-16 Books
Designed and Maintained by IMU-KC Library, Kolkata Campus © Copyright All Rights Reserved

webs counters

Powered by Koha